000 00696nam a2200277Ia 4500
001 3843
005 20240113233656.0
007 ta
008 050603s g b000 u hin u
020 _cPB
040 _aCotton College Assam
041 _ahin
082 _a891.431
_bSh 47 B
100 _aShukla, Ramchandra .
245 0 _aBhramar Geet-Sar /
_cRamchandra Shukla.
_hTextual Documents
250 _a1st ed. /
260 _aBaranashi :
_bRamdas Porwal & sons ,
_cNd.
300 _a99p. ;
_c21cm.
653 _aHindi poetry
653 _aGen-Hindi
942 _2ddc
_cBK
999 _c3831
_d3831